Autonomía y déficit del Banco Central

Сохранить в:
Библиографические подробности
Главный автор: Larrañaga, Osvaldo (Автор)
Соавтор: Programa de Postgrado de Economía ILADES-Georgetown University (Автор)
Формат:
Язык:испанский
Опубликовано: Santiago ILADES 1991
Серии:Investigación, ILADES, I-35
Предметы:
Метки: Добавить метку
Нет меток, Требуется 1-ая метка записи!

MARC

LEADER 00000nam a2200000 a 4500
001 UCR8673
003 CL-VaPUC
008 980529e19910600CL |||||||||||||||||spa|d
082 0 4 |a 330.711  |b LAR  |2 21 
100 |a Larrañaga, Osvaldo  |e author  |9 518468 
110 2 |a Programa de Postgrado de Economía ILADES-Georgetown University  |e author  |9 410711 
245 1 0 |a Autonomía y déficit del Banco Central 
300 |a 43 p 
942 |c BK 
945 |d 19980529 00:00:00  |a crobeson 
260 |a Santiago  |b ILADES  |c 1991 
600 0 7 |a BANCO CENTRAL DE CHILE  |2 CL-VaPUC  |9 315360 
650 7 |a EDUCACION DE POSTGRADO  |2 CL-VaPUC  |9 310729 
650 0 |a Economía   |9 255568 
650 0 |a Política monetaria  |9 258279 
651 7 |a CHILE  |2 CL-VaPUC  |9 410712 
583 |a last modification  |c 19980529 00:00:00  |k Rodrigo Vera 
490 0 |a Investigación, ILADES, I-35 
999 |c 270069  |d 270067